歴代五輪開催地 - Statistics

General Stats
  • This quiz has been taken 423 times
    405 since last reset
  • The average score is 37 of 62
Answer Stats
備考 開催地 % Correct
1900 パリ(フランス)
98%
1924 パリ(フランス)
98%
1964 東京(日本)
98%
2020 東京(日本)
98%
2024(予定) パリ(フランス)
98%
2008 北京(中国)
95%
2022 北京(中国)
95%
1944 中止 ロンドン(イギリス)
94%
1948 ロンドン(イギリス)
94%
2012 ロンドン(イギリス)
94%
1908 返上 ローマ(イタリア王国)→ロンドン(イギリス)
94%
1998 長野(日本)
91%
1896 アテネ(ギリシャ王国)
90%
2004 アテネ(ギリシャ)
90%
1932 ロサンゼルス(アメリカ)
88%
1982 ロサンゼルス(アメリカ)
88%
2028(予定) ロサンゼルス(アメリカ)
88%
1940 中止 札幌(日本)
87%
1972 札幌(日本)
87%
1916 中止 ベルリン(ドイツ帝国)
84%
1936 ベルリン(ドイツ国)
84%
2016 リオデジャネイロ(ブラジル)
84%
1960 ローマ(イタリア)
83%
1980 モスクワ(ソ連)
83%
2000 シドニー(オーストラリア)
82%
1986 ソウル(韓国)
77%
2018 平昌(韓国)
75%
1992 バルセロナ(スペイン)
71%
2014 ソチ(ロシア)
71%
2010 バンクーバー(カナダ)
68%
2026(予定) ミラノ/コルチナ・ダンペッツォ(イタリア)
63%
1968 メキシコシティ(メキシコ)
60%
1912 ストックホルム(スウェーデン)
59%
1952 ヘルシンキ(フィンランド)
59%
1940 返上→中止 東京(日本)→ヘルシンキ(フィンランド)
59%
1996 アトランタ(アメリカ)
58%
2006 トリノ(イタリア)
53%
1928 アムステルダム(オランダ)
52%
1956 メルボルン(オーストラリア)
52%
2002 ソルトレークシティ(アメリカ)
49%
1972 ミュンヘン(西ドイツ)
48%
1952 オスロ(ノルウェー)
46%
1976 モントリオール(カナダ)
43%
1920 アントワープ(ベルギー)
35%
2032(予定) ブリスベン(オーストラリア)
33%
1944 中止 コルチナ・ダンペッツォ(イタリア王国)
26%
1956 コルチナ・ダンペッツォ(イタリア)
26%
1984 サラエボ(ユーゴスラビア)
24%
1904 セントルイス(アメリカ)
23%
1988 カルガリー(カナダ)
23%
1994 リレハンメル(ノルウェー)
23%
1992 アルベールビル(フランス)
20%
1924 シャモニー(フランス)
18%
1936 ガルミッシュ=パルテンキルヒェン(ドイツ国)
14%
1964 インスブルック(オーストリア)
14%
1976 返上 デンバー(アメリカ)→ インスブルック(オーストリア)
14%
1928 サンモリッツ(スイス)
13%
1932 レークプラシッド(アメリカ)
13%
1948 サンモリッツ(スイス)
13%
1980 レークプラシッド(アメリカ)
13%
1968 グルノーブル(フランス)
12%
1960 スコーバレー(アメリカ)
6%
No matching quizzes found
Score Distribution
Percent of People with Each Score
Percentile by Number Answered
Your Score History
You have not taken this quiz since the last reset